<?xml version="1.0" encoding="UTF-8"?>
<record
    xmlns:xsi="http://www.w3.org/2001/XMLSchema-instance"
    xsi:schemaLocation="http://www.loc.gov/MARC21/slim http://www.loc.gov/standards/marcxml/schema/MARC21slim.xsd"
    xmlns="http://www.loc.gov/MARC21/slim">

  <leader>01581nam a2200421 i 4500</leader>
  <controlfield tag="001">192714</controlfield>
  <controlfield tag="003">SpMaBN</controlfield>
  <controlfield tag="005">20250825112757.0</controlfield>
  <controlfield tag="007">ta</controlfield>
  <controlfield tag="008">230516s2022    sp     | |||| 000 f eng  </controlfield>
  <datafield tag="017" ind1=" " ind2=" ">
    <subfield code="a">M 6600-2022</subfield>
    <subfield code="b">Oficina Dep&#xF3;sito Legal Madrid</subfield>
  </datafield>
  <datafield tag="020" ind1=" " ind2=" ">
    <subfield code="a">9788412427202</subfield>
  </datafield>
  <datafield tag="040" ind1=" " ind2=" ">
    <subfield code="a">SpMaBN</subfield>
    <subfield code="b">spa</subfield>
    <subfield code="c">ES-MaACL</subfield>
    <subfield code="e">rda</subfield>
  </datafield>
  <datafield tag="080" ind1=" " ind2=" ">
    <subfield code="a">821.111-4"19"</subfield>
  </datafield>
  <datafield tag="100" ind1="1" ind2=" ">
    <subfield code="a">Woolf, Virginia, </subfield>
    <subfield code="d">1882-1941</subfield>
    <subfield code="e">aut</subfield>
    <subfield code="9">240179</subfield>
  </datafield>
  <datafield tag="245" ind1="1" ind2="2">
    <subfield code="a">A room of one's own =</subfield>
    <subfield code="b">Un cuarto para ella sola : (1928-29) /</subfield>
    <subfield code="c">Virginia Woolf ; introducci&#xF3;n y traducci&#xF3;n de Andr&#xE9;s Arenas y Enrique Gir&#xF3;n</subfield>
  </datafield>
  <datafield tag="246" ind1="3" ind2="1">
    <subfield code="a">Un cuarto para ella sola</subfield>
  </datafield>
  <datafield tag="250" ind1=" " ind2=" ">
    <subfield code="a">Edici&#xF3;n biling&#xFC;e</subfield>
  </datafield>
  <datafield tag="264" ind1=" " ind2="1">
    <subfield code="a">San Lorenzo de El Escorial :</subfield>
    <subfield code="b">Cuadernos de Langre,</subfield>
    <subfield code="c">2022.</subfield>
  </datafield>
  <datafield tag="300" ind1=" " ind2=" ">
    <subfield code="a">319 p&#xE1;ginas :</subfield>
    <subfield code="c">20 cm.</subfield>
  </datafield>
  <datafield tag="336" ind1=" " ind2=" ">
    <subfield code="a">Texto</subfield>
    <subfield code="2">rdacontent</subfield>
  </datafield>
  <datafield tag="337" ind1=" " ind2=" ">
    <subfield code="a">sin mediaci&#xF3;n</subfield>
    <subfield code="2">rdamedia</subfield>
  </datafield>
  <datafield tag="338" ind1=" " ind2=" ">
    <subfield code="a">volumen</subfield>
    <subfield code="2">rdacarrier</subfield>
  </datafield>
  <datafield tag="490" ind1="1" ind2=" ">
    <subfield code="a">Biling&#xFC;es de base ;</subfield>
    <subfield code="v">20</subfield>
  </datafield>
  <datafield tag="500" ind1=" " ind2=" ">
    <subfield code="a">&#xCD;ndice</subfield>
  </datafield>
  <datafield tag="546" ind1=" " ind2=" ">
    <subfield code="a">Texto paralelo en ingl&#xE9;s y espa&#xF1;ol</subfield>
  </datafield>
  <datafield tag="655" ind1=" " ind2="0">
    <subfield code="a">Ensayos</subfield>
    <subfield code="9">176636</subfield>
  </datafield>
  <datafield tag="700" ind1="1" ind2=" ">
    <subfield code="a">Arenas G&#xF3;mez, Andr&#xE9;s</subfield>
    <subfield code="e">aui</subfield>
    <subfield code="e">trl</subfield>
    <subfield code="9">176637</subfield>
  </datafield>
  <datafield tag="700" ind1="1" ind2=" ">
    <subfield code="a">Gir&#xF3;n Irueste, Enrique</subfield>
    <subfield code="e">aui</subfield>
    <subfield code="e">trl</subfield>
    <subfield code="9">174772</subfield>
  </datafield>
  <datafield tag="740" ind1="3" ind2="2">
    <subfield code="a">Un cuarto para ella sola (1928-29)</subfield>
  </datafield>
  <datafield tag="830" ind1=" " ind2=" ">
    <subfield code="a">Biling&#xFC;es de base ;</subfield>
    <subfield code="v">20</subfield>
    <subfield code="9">176638</subfield>
  </datafield>
  <datafield tag="852" ind1=" " ind2=" ">
    <subfield code="a">ES-MaACL</subfield>
    <subfield code="b">R.153467</subfield>
    <subfield code="c">DEPOJ</subfield>
    <subfield code="g">Dedicatoria aut&#xF3;grafa de Enrique Gir&#xF3;n Irueste</subfield>
    <subfield code="h">Donaci&#xF3;n: Enrique Gir&#xF3;n Irueste</subfield>
    <subfield code="j">N-8351</subfield>
    <subfield code="9">200012 </subfield>
  </datafield>
  <datafield tag="903" ind1=" " ind2=" ">
    <subfield code="9">174772</subfield>
    <subfield code="a">Gir&#xF3;n Irueste, Enrique,</subfield>
    <subfield code="e">dnr</subfield>
  </datafield>
  <datafield tag="942" ind1=" " ind2=" ">
    <subfield code="n">0</subfield>
    <subfield code="c">MONOGRAFIA</subfield>
  </datafield>
  <datafield tag="999" ind1=" " ind2=" ">
    <subfield code="c">192714</subfield>
    <subfield code="d">192714</subfield>
  </datafield>
  <datafield tag="952" ind1=" " ind2=" ">
    <subfield code="0">0</subfield>
    <subfield code="1">0</subfield>
    <subfield code="2">udc</subfield>
    <subfield code="4">0</subfield>
    <subfield code="7">0</subfield>
    <subfield code="8">Librosdedicados</subfield>
    <subfield code="a">ATENEOM</subfield>
    <subfield code="b">ATENEOM</subfield>
    <subfield code="c">DEPOJ</subfield>
    <subfield code="d">2022-06-12</subfield>
    <subfield code="e">DONACION</subfield>
    <subfield code="l">0</subfield>
    <subfield code="o">N-8351</subfield>
    <subfield code="p">101205305</subfield>
    <subfield code="r">2023-05-16 00:00:00</subfield>
    <subfield code="y">MONOGRAFIA</subfield>
    <subfield code="z">Dedicatoria aut&#xF3;grafa de Enrique Gir&#xF3;n Irueste</subfield>
  </datafield>
</record>
